Inovačné aktivity malých a stredných podnikov

Konkurencieschpnosť organizácie. Zvyšovanie konkurencieschopnosti je podmienené neustálou potrebou inovovať. Vznik a vývoj hospodárskej krízy. Kríza v Európe a na Slovensku. Inovácie v MSP. Hard faktory a soft faktory negatívne ovplyvňujúce inovácie európskych MSP.

Uložené v:
Podrobná bibliografia
Hlavný autor: Mihalčová, Bohuslava, 1963-
Médium: Kapitola
Jazyk:Slovak
Predmet:
Tagy: Pridať tag
Žiadne tagy, Buďte prvý, kto otaguje tento záznam!

MARC

LEADER 00000nla$a2200000$$$4500
001 0148512
005 20240502072654.6
041 0 |a slo 
044 |a SK 
245 1 0 |a Inovačné aktivity malých a stredných podnikov  |c Bohuslava Mihalčová 
520 |a Konkurencieschpnosť organizácie. Zvyšovanie konkurencieschopnosti je podmienené neustálou potrebou inovovať. Vznik a vývoj hospodárskej krízy. Kríza v Európe a na Slovensku. Inovácie v MSP. Hard faktory a soft faktory negatívne ovplyvňujúce inovácie európskych MSP. 
610 2 0 |a podnik malý 
610 2 0 |a podnik stredný 
610 2 0 |a konkurencieschopnosť 
610 2 0 |a inovácia 
610 2 0 |a kríza hospodárska 
100 1 |a Mihalčová, Bohuslava, 1963-